[Event "ch-PHI"]
[Site "Quezon City PHI"]
[Date "2001.04.03"]
[Round "2"]
[White "Villamayor,B"]
[Black "Sayson,A"]
[Result "1/2-1/2"]
[WhiteElo "2560"]
[BlackElo "2345"]

1.d4 Nf6 2.Nf3 e6 3.c4 d5 4.g3 Be7 5.Bg2 O-O 6.O-O b6 7.Ne5 Bb7 8.Nc3 Nbd7
9.Qa4 c6 10.Rd1 Nxe5 11.dxe5 Nd7 12.cxd5 exd5 13.e4 Nc5 14.Qc2 d4 15.f4 Ba6
16.Bf1 Bxf1 17.Kxf1 Qd7 18.f5 Rfd8 19.Be3 d3 20.Qf2 Bf8 21.Rd2 Qe8 22.Qf4 Nd7
23.e6 fxe6 24.Rxd3 exf5 25.exf5 Nc5 26.Rxd8 Rxd8 27.Rd1 Rxd1+ 28.Nxd1 Ne4
29.Nf2 Nf6 30.Bd4 Nd5 31.Qf3 Qd7 32.a3 c5 33.Be5 Ne7 34.g4 Nc6 35.Bc3 b5
36.f6 b4 37.fxg7 Bxg7 38.Bxg7 Kxg7 39.axb4 cxb4 40.Nd3 a5 41.Nc5 Qd6 42.Qf5 Nd4
43.Qg5+ Kf7 44.Qh5+ Kg7 45.Qg5+ Kf8 46.Kf2 Qxh2+ 47.Ke3 Qd6 48.Ke4 h6 49.Qh5 Nc6
50.Qf5+ Ke8 51.Qc8+ Ke7 52.Qb7+ Kf6 53.Nd7+ Ke6 54.Nf8+ Qxf8 55.Qxc6+ Qd6
56.Qb5 a4 57.Qxa4 Qe5+ 58.Kf3 Qxb2 59.Qc6+ Kf7 60.Qd7+ Kg6 61.Qf5+ Kg7 62.Qd7+ Kg6
63.Qf5+ Kg7 64.Qd7+  1/2-1/2

[Event "Dos Hermanas Internet KO"]
[Site "ICC INT"]
[Date "2001.04.06"]
[Round "1.2"]
[White "Chepukaitis,G"]
[Black "Rustemov,A"]
[Result "0-1"]
[WhiteElo "2417"]
[BlackElo "2620"]

1.d4 e6 2.c4 d5 3.Nf3 Be7 4.g3 Nf6 5.Bg2 O-O 6.O-O c6 7.Qc2 Nbd7 8.b3 b6
9.Rd1 Bb7 10.Nc3 Rc8 11.e4 h6 12.Bf4 Ba6 13.Bf1 Bb4 14.Nd2 c5 15.dxc5 d4
16.Na4 e5 17.Nf3 exf4 18.c6 Rxc6 19.Nxd4 Rc8 20.gxf4 b5 21.Nb2 bxc4 22.e5 Nh5
23.Nf5 Nxf4 24.Qe4 Qg5+ 25.Ng3 Nxe5 26.bxc4 Bc5 27.Na4 Rfe8 28.Nxc5 Rxc5
29.Rd6 Bc8 30.Rad1 Rc7 31.R1d4 Bb7 32.h4 Bxe4 33.hxg5 Nf3+ 34.Kh1 Nxd4+ 35.Nxe4 Rxe4  0-1

[Event "56th ch-YUG"]
[Site "Herceg Novi YUG"]
[Date "2001.04.07"]
[Round "14"]
[White "Ilincic,Z"]
[Black "Kovacevic,A"]
[Result "1/2-1/2"]
[WhiteElo "2542"]
[BlackElo "2521"]

1.d4 Nf6 2.c4 e6 3.Nf3 d5 4.g3 Be7 5.Bg2 O-O 6.O-O dxc4 7.Qc2 a6 8.a4 Bd7
9.Qxc4 Bc6 10.Bg5 Bd5 11.Qd3  1/2-1/2

[Event "Dos Hermanas Internet KO"]
[Site "ICC INT"]
[Date "2001.04.07"]
[Round "4.2"]
[White "Sergejev,R"]
[Black "Rustemov,A"]
[Result "1/2-1/2"]
[WhiteElo "2349"]
[BlackElo "2620"]

1.d4 d5 2.c4 e6 3.Nf3 Nf6 4.g3 Be7 5.Bg2 O-O 6.O-O c6 7.Qc2 Nbd7 8.Nbd2 b6
9.e4 a5 10.b3 Ba6 11.Bb2 Qb8 12.Rfe1 Rd8 13.Ne5 Bb7 14.f4 a4 15.exd5 axb3
16.axb3 Rxa1 17.Bxa1 cxd5 18.Ndf3 Bb4 19.Bc3 Bxc3 20.Qxc3 Nxe5 21.fxe5 Ne4
22.Qe3 Qc7 23.Rc1 Qe7 24.Ra1 Ra8 25.Rxa8+ Bxa8 26.Ne1 Qb4 27.cxd5 exd5 28.Nc2 Qa5
29.h4 h6 30.Kh2 Bc6 31.Qe1 Qb5 32.Nb4 Bb7 33.Bf3 Qa5 34.Bg2 Qa3 35.Bxe4 dxe4
36.Qc3 e3 37.Kg1 Qa5 38.Kf1 Qb5+ 39.Ke1 Bf3 40.Qc4 Qa5 41.Qc3 h5 42.d5 Bxd5
43.Nxd5 Qxd5 44.Qxe3 b5 45.Ke2 g6 46.Ke1 Kg7 47.Ke2 Kg8 48.Kf2 Kg7 49.b4 Qc4
50.Qd2 Qe4 51.Qc3 Kg8 52.Qc8+ Kg7 53.Qc5 Qd3 54.Qe3 Qc2+ 55.Kf3 Qf5+ 56.Ke2 Qg4+
57.Qf3 Qxb4 58.Qf6+ Kg8 59.Qd8+ Qf8 60.Qb6 Qe8 61.Qd6 b4 62.Kd3 Qb5+ 63.Kd4 b3
64.Qd8+ Kh7 65.Qe7 Qf1 66.e6 Qf2+ 67.Kc4 Qe2+ 68.Kxb3 Qxe6+ 69.Qxe6 fxe6
70.Kc4 Kg7 71.Kd4 Kf6 72.Ke4 Kf7 73.Kf3 e5 74.Ke4 Ke6 75.Ke3  1/2-1/2

[Event "FSGM April"]
[Site "Budapest HUN"]
[Date "2001.04.08"]
[Round "2"]
[White "Almasi,I"]
[Black "Kritz,L"]
[Result "1-0"]
[WhiteElo "2424"]
[BlackElo "2427"]

1.d4 Nf6 2.Nf3 e6 3.g3 d5 4.Bg2 Be7 5.c4 O-O 6.Nc3 dxc4 7.Ne5 c5 8.dxc5 Bxc5
9.O-O Qe7 10.Bg5 Nc6 11.Nxc6 bxc6 12.Qa4 Rb8 13.Ne4 Bd4 14.Qxc4 Rb4 15.Qxc6 Bb7
16.Qc2 Rxb2 17.Qd3 Rd8 18.Nxf6+ gxf6 19.Be3 Bxg2 20.Kxg2 Bxe3 21.Qxe3 Rdd2
22.Rac1 Rxe2 23.Qh6 Qd8 24.Rc5 f5 25.Qc1 Kg7 26.Qc3+ Kg6 27.Rc8 Qd5+ 28.Kg1 e5
29.Rg8+ Kf6 30.Qc8 Qd6 31.Rd8 Qb6 32.Rd7 Rxf2 33.Qh8+ Kg6 34.Qg8+ Kh5 35.Qxf7+ Kg4
36.Qg8+ Kf3 37.Qd5+ Kg4 38.Rg7+ Kh3 39.Rxh7+ Kg4 40.Rh4+ Kg5 41.Qg8+ Kf6
42.Rh6+ Ke7 43.Qg7+  1-0

[Event "ch-DEN"]
[Site "Nyborg DEN"]
[Date "2001.04.09"]
[Round "3"]
[White "Schandorff,L"]
[Black "Pilgaard,K"]
[Result "1/2-1/2"]
[WhiteElo "2511"]
[BlackElo "2413"]

1.d4 Nf6 2.c4 e6 3.g3 d5 4.Nf3 Be7 5.Bg2 O-O 6.O-O dxc4 7.Qc2 a6 8.Qxc4 b5
9.Qc2 Bb7 10.Bd2 Be4 11.Qc1 Bb7 12.Bf4 Bd6 13.Nc3 Nbd7 14.Rd1 Qb8 15.a3 c5
16.dxc5 Bxf4 17.Qxf4 Qxf4 18.gxf4 Nxc5 19.Ne5 Bxg2 20.Kxg2 Nb3 21.Rab1 Rfd8
22.Nc6 Rd2 23.Rxd2 Nxd2 24.Rd1 Nc4 25.b3 Nb6 26.e4 Kf8 27.Kf3 Rc8 28.Rd8+ Rxd8
29.Nxd8 Nfd7 30.Nb7 Ke7 31.Ke3 Nb8 32.Ne2 Kd7 33.Nd4 Kc7 34.Nc5 Kd6 35.Nb7+ Kc7
36.Nc5 Kd6 37.Nd3 N6d7 38.e5+ Kd5 39.Nb4+ Kc5 40.Nd3+ Kd5 41.Ne2 Kc6 42.Nd4+  1/2-1/2

[Event "Israel Open Ch"]
[Site "Tel Aviv ISR"]
[Date "2001.04.12"]
[Round "4"]
[White "Mikhalevski,V"]
[Black "Gerzhoy,L"]
[Result "1-0"]
[WhiteElo "2523"]
[BlackElo "2245"]

1.d4 Nf6 2.c4 e6 3.g3 d5 4.Bg2 Be7 5.Nf3 O-O 6.Qc2 c5 7.dxc5 d4 8.a3 a5 9.O-O Nc6
10.Rd1 e5 11.Nc3 Bxc5 12.Nd5 h6 13.b3 Be6 14.e4 Bg4 15.Rf1 Rc8 16.Qd3 Re8
17.h3 Bh5 18.Nh4 Bf8 19.Bd2 Nxd5 20.exd5 Nb8 21.b4 b6 22.Rae1 Nd7 23.Be4 g6
24.Qb3 Nf6 25.Bg2 g5 26.g4 gxh4 27.gxh5 e4 28.Bc1 Bd6 29.Bb2 d3 30.f3 Bg3
31.fxe4 Bxe1 32.Bxf6 Qd6 33.Qxd3 Bg3 34.Qf3 Be5 35.Bxe5 Qxe5 36.Qxf7+ Kh8
37.Rf6 Qd4+ 38.Kh1 Qa1+ 39.Bf1 Qc1 40.Rg6 Rg8  1-0

[Event "Israel Open Ch"]
[Site "Tel Aviv ISR"]
[Date "2001.04.16"]
[Round "8"]
[White "Huzman,A"]
[Black "Doettling,F"]
[Result "1/2-1/2"]
[WhiteElo "2578"]
[BlackElo "2509"]

1.Nf3 Nf6 2.c4 e6 3.d4 d5 4.g3 Be7 5.Bg2 O-O 6.O-O dxc4 7.Qc2 a6 8.Qxc4 b5
9.Qc2 Bb7 10.Bd2 Be4 11.Qc1 Nc6 12.Be3 Na5 13.Nbd2 Bd5 14.Qc2 Rc8 15.a3 Nc4
16.Nxc4 bxc4 17.Rfd1 c5 18.dxc5 Bxc5 19.Bxc5 Rxc5 20.Nd4 Qb6 21.e4  1/2-1/2

[Event "Match"]
[Site "Hampstead ENG"]
[Date "2001.04.21"]
[Round "5"]
[White "Turner,M"]
[Black "Gormally,D"]
[Result "1/2-1/2"]
[WhiteElo "2516"]
[BlackElo "2492"]

1.c4 Nf6 2.g3 e6 3.Bg2 d5 4.d4 Be7 5.Nf3 O-O 6.O-O dxc4 7.Qa4 a6 8.Qxc4 b5
9.Qc2 Bb7 10.Bf4 Nc6 11.Nc3 Nb4 12.Qb1 c5 13.dxc5 Bxc5 14.a3 Nbd5 15.Be5 Nxc3
16.Bxc3 Ne4 17.Ng5 Qxg5 18.Bxe4 Bxe4 19.Qxe4 Rfc8 20.Rfd1 Be7 21.Rd7 Bf6
22.Qf3 Qg6 23.Rad1 h6 24.R1d3 Bxc3 25.Rxc3 Rab8 26.Rcd3 Qf6 27.Ra7 Rc2 28.b4 Qxf3
29.Rxf3 Rf8 30.e4 Re2 31.Rxa6 Rxe4 32.Ra5 Re5 33.Kg2 Rd5 34.Ra7 Rdd8 35.Rb7 Rd5
36.h3 g6 37.g4 h5 38.Rc3 hxg4 39.hxg4 Kg7 40.Kg3 g5 41.f3 Kg6 42.Rcc7 Rd2
43.Rd7 Rxd7  1/2-1/2

[Event "4th Open"]
[Site "Tanta City EGY"]
[Date "2001.04.21"]
[Round "4"]
[White "Likavsky,T"]
[Black "Abou el Zein,E"]
[Result "1-0"]
[WhiteElo "2425"]
[BlackElo "2330"]

1.d4 Nf6 2.c4 e6 3.g3 d5 4.Nf3 Be7 5.Bg2 O-O 6.O-O c6 7.Qc2 Nbd7 8.b3 b6
9.Bb2 Ba6 10.Nbd2 Rc8 11.e4 c5 12.exd5 exd5 13.Rfe1 Re8 14.Qf5 Bb7 15.Ne5 cxd4
16.Nxd7 Qxd7 17.Qxd7 Nxd7 18.cxd5 Bb4 19.Rxe8+ Rxe8 20.Nf1 Nf6 21.Bxd4 Bxd5
22.Rc1 Bxg2 23.Kxg2 Nd5 24.Ne3 Bd2 25.Rc2 Bxe3 26.fxe3 f5 27.Kf3 Re7 28.a4 Kf7
29.a5 g5 30.Rc6 g4+ 31.Ke2 Re6 32.Rc8 Re8 33.Rc4 h5 34.Kd3 Ke7 35.axb6 axb6
36.Ra4 Kd6 37.Ra7 Rc8 38.Rb7 Rc1 39.Rb8 Rh1 40.Rd8+ Kc6 41.Rf8 f4 42.gxf4 Rxh2
43.Ke4 Rh3 44.f5 h4 45.Rc8+ Kd7 46.Rg8 Rg3 47.Kxd5 h3 48.Rg7+ Ke8 49.Ke6 Kf8
50.Rh7  1-0

[Event "2nd ch-EUR Women"]
[Site "Warsaw POL"]
[Date "2001.04.22"]
[Round "1"]
[White "Matnadze,A"]
[Black "Milligan,H"]
[Result "1-0"]
[WhiteElo "2331"]
[BlackElo "2124"]

1.d4 Nf6 2.g3 d5 3.Bg2 e6 4.Nf3 Be7 5.c4 O-O 6.Nc3 dxc4 7.Ne5 Nc6 8.Bxc6 bxc6
9.Nxc6 Qe8 10.Nxe7+ Qxe7 11.Qa4 c5 12.Qxc4 cxd4 13.Qxd4 e5 14.Qh4 Rb8 15.O-O Rb4
16.e4 h6 17.f3 Rd8 18.g4 Rd3 19.Qf2 Qb7 20.h3 Be6 21.Rd1 Bc4 22.Rxd3 Bxd3
23.b3 Qc7 24.Bd2 Rb7 25.Rc1 Qd7 26.Na4 Rb8 27.Be3 a5 28.Nc5  1-0

[Event "GM"]
[Site "Hampstead ENG"]
[Date "2001.04.23"]
[Round "9"]
[White "Palliser,R"]
[Black "Richardson,J"]
[Result "1-0"]
[WhiteElo "2342"]
[BlackElo "2338"]

1.d4 Nf6 2.c4 e6 3.g3 d5 4.Nf3 Be7 5.Bg2 O-O 6.O-O dxc4 7.Qc2 a6 8.Qxc4 b5
9.Qc2 Bb7 10.Bf4 Nc6 11.Nc3 Nb4 12.Qb1 Nbd5 13.Nxd5 Bxd5 14.Rd1 c5 15.dxc5 Bxc5
16.b4 Be7 17.Ng5 Qb6 18.e4 Ng4 19.exd5 Bxg5 20.Bxg5 Nxf2 21.Kf1 Ng4 22.Qb2 Nxh2+
23.Ke2 exd5 24.Qd4 Qg6 25.Bf4 Rac8 26.Rac1 Rc4 27.Rxc4 dxc4 28.Qe4 Qh5+ 29.Ke1 f5
30.Qe6+ Kh8 31.Qe7 Qe8 32.Rd7 Ng4 33.Kd2 Qxe7 34.Rxe7 Rd8+ 35.Kc2 h6 36.Bb7 g5
37.Bd2 Rd6 38.Bc8 Rd3 39.Bxf5 Rxg3 40.Re6 Kg7 41.Rxa6 Ne3+ 42.Bxe3 Rxe3 43.Rg6+ Kf7
44.Rxh6 Re2+ 45.Kb1 Re1+ 46.Kb2 Re2+ 47.Bc2 g4 48.Rb6 g3 49.Rxb5 g2 50.Rg5 Kf6
51.Rg4 Ke5 52.Kc3 Rf2 53.a4 Rf3+ 54.Kb2 Rf2 55.a5 Kd5 56.a6 Kc6 57.a7 Kb7
58.Rg7+ Ka8 59.Kc3 Re2 60.Rxg2  1-0

[Event "2nd ch-EUR Women"]
[Site "Warsaw POL"]
[Date "2001.04.26"]
[Round "5"]
[White "Matnadze,A"]
[Black "Zatonskih,A"]
[Result "1/2-1/2"]
[WhiteElo "2331"]
[BlackElo "2427"]

1.d4 e6 2.g3 d5 3.Nf3 Nf6 4.Bg2 Be7 5.c4 O-O 6.Nc3 dxc4 7.Ne5 Nc6 8.Bxc6 bxc6
9.Nxc6 Qe8 10.Nxe7+ Qxe7 11.Qa4 c5 12.Qxc4 cxd4 13.Qxd4 e5 14.Qh4 Rb8 15.O-O Rb4
16.e4 h6 17.f3 Qc5+ 18.Kg2 Ba6 19.Rf2 Qc6 20.a3 Rb3 21.g4 Rfb8 22.Qg3 Rxc3
23.bxc3 Qxc3 24.Rfa2 Bc4 25.Bd2 Qd3 26.Bb4 Bxa2 27.Rxa2 Qb5 28.Rb2 Qe8 29.Qf2 a6
30.Qa7 Ra8 31.Qe7 Nd7 32.Rd2 Nf8 33.Qxf8+ Qxf8 34.Bxf8 Kxf8 35.Rd7 Re8 36.Ra7 Re6
37.h4 g6 38.a4 Rc6 39.Kg3 Kg7 40.g5 hxg5 41.hxg5 Kf8 42.Kf2  1/2-1/2

[Event "Bank Pocztowy Open A"]
[Site "Bydgoszcz POL"]
[Date "2001.04.27"]
[Round "1"]
[White "Miton,K"]
[Black "Romanov,E"]
[Result "1-0"]
[WhiteElo "2497"]
[BlackElo "2172"]

1.d4 Nf6 2.c4 e6 3.g3 d5 4.Bg2 Be7 5.Nf3 O-O 6.O-O dxc4 7.Nc3 Nc6 8.e3 Bd6
9.Qa4 Nb4 10.Ne5 Bd7 11.Nxd7 Qxd7 12.a3 Qxa4 13.Nxa4 Nd3 14.Bxb7 Rad8 15.Ba6 Nxc1
16.Rfxc1 Nd5 17.Rxc4 Nb6 18.Nxb6 cxb6 19.Rac1 Bb8 20.f4 Rd6 21.Kf2 Rfd8 22.Rc8 Kf8
23.Rxd8+ Rxd8 24.e4 Ke7 25.Ke3 Rd6 26.Bb5 Rd8 27.e5 Kf8 28.Ke4 Ke7 29.Rc6 Kf8
30.g4 g6 31.f5 Re8 32.fxe6 fxe6 33.Bc4 Kf7 34.g5 Re7 35.Rc8 Bc7 36.d5  1-0

[Event "TCh-FRA"]
[Site "Montpellier FRA"]
[Date "2001.04.28"]
[Round "8"]
[White "Adrian,C"]
[Black "Rainfray,A"]
[Result "1-0"]
[WhiteElo "2391"]
[BlackElo "2362"]

1.Nf3 d5 2.d4 Nf6 3.c4 e6 4.g3 Be7 5.Bg2 O-O 6.Qc2 c5 7.dxc5 Qa5+ 8.Nbd2 Qxc5
9.a3 dxc4 10.Qxc4 a5 11.Qxc5 Bxc5 12.O-O Nc6 13.Nc4 Rd8 14.Bg5 h6 15.Bxf6 gxf6
16.Rfd1 Rxd1+ 17.Rxd1 Kf8 18.Nfd2 e5 19.Ne4 Be6 20.Nxc5 Bxc4 21.e3 Rd8 22.Rc1 b6
23.Rxc4  1-0

[Event "Bank Pocztowy Open A"]
[Site "Bydgoszcz POL"]
[Date "2001.04.29"]
[Round "3"]
[White "Ulibin,M"]
[Black "Gritsak,O"]
[Result "1/2-1/2"]
[WhiteElo "2580"]
[BlackElo "2497"]

1.d4 d5 2.c4 e6 3.Nf3 Nf6 4.g3 Be7 5.Bg2 O-O 6.O-O dxc4 7.Qc2 a6 8.Qxc4 b5
9.Qc2 Bb7 10.Bg5 Nbd7 11.Nbd2  1/2-1/2

[Event "2nd ch-EUR Women"]
[Site "Warsaw POL"]
[Date "2001.04.29"]
[Round "7"]
[White "Jiretorn,E"]
[Black "Tekielak,I"]
[Result "0-1"]
[WhiteElo "2106"]
[BlackElo "2003"]

1.d4 d5 2.c4 e6 3.Nf3 Nf6 4.g3 Be7 5.Bg2 Nbd7 6.b3 c6 7.O-O O-O 8.Qc2 Re8
9.Rd1 Bd6 10.Nc3 Qe7 11.e4 dxe4 12.Nxe4 Nxe4 13.Qxe4 e5 14.Bb2 Nf6 15.Qh4 e4
16.Re1 Ng4 17.Ng5 h6 18.Nxe4 Qxh4 19.gxh4 Bxh2+ 20.Kh1 Bc7 21.f3 f5 22.Nc3 Rxe1+
23.Rxe1 Nf2+ 24.Kg1 Nd3 25.Re2 Nxb2 26.Rxb2 Bg3 27.h5 Bd7 28.Bh3 Kf7 29.Kg2 Be1
30.Na4 b6 31.Rc2 Rd8 32.Nb2 Kf6 33.Nd3 Bh4 34.Nf4 Bg5 35.Ne2 Be8 36.Kg3 f4+
37.Nxf4 Bxf4+ 38.Kxf4 Rxd4+ 39.Ke3 Rh4 40.Bg4 Bxh5 41.Kf4 Bxg4 42.fxg4 h5
43.Rd2 Rxg4+ 44.Kf3 Ke7 45.Re2+ Kd6 46.Rd2+ Kc5 47.Rd7 a5 48.Re7 g5 49.Rh7 Rf4+
50.Ke3 h4 51.Rh5 Rg4 52.Kf3 Rg3+ 53.Kf2 b5 54.cxb5 cxb5 55.Rh8 Kb4 56.Re8 a4
57.bxa4 bxa4 58.Re4+ Ka3 59.Rd4 Rc3 60.Rd2 h3 61.Kg1 g4 62.Kh2 Kb4 63.Rd4+ Rc4
64.Rd2 Kc3 65.Rf2 Kd3 66.Kg3 Rc2 67.Rf8 Rg2+ 68.Kh4 h2  0-1

[Event "2nd ch-EUR Women"]
[Site "Warsaw POL"]
[Date "2001.04.29"]
[Round "7"]
[White "Cosma,E"]
[Black "Zatonskih,A"]
[Result "1/2-1/2"]
[WhiteElo "2331"]
[BlackElo "2427"]

1.d4 e6 2.Nf3 Nf6 3.g3 d5 4.c4 Be7 5.Bg2 O-O 6.O-O dxc4 7.Qc2 a6 8.Qxc4 b5
9.Qc2 Bb7 10.Bg5 Nbd7 11.Bxf6 Nxf6 12.Nbd2 Rc8 13.Nb3 Be4 14.Qc3 Nd5 15.Qd2 c5
16.dxc5 Bxc5 17.Nxc5 Rxc5 18.Rac1 Qc7 19.Rxc5 Qxc5 20.Rc1 Qb4 21.a3 Qe7 22.Qd4 Bxf3
23.Bxf3 h6 24.Bxd5 exd5 25.e3 Qe6 26.Rc5 Rd8 27.h4 Rd6 28.Qf4 Rc6 29.Qb8+ Kh7
30.b4 Qg6 31.Qe5 Rf6 32.Qxd5 Rd6 33.Qf5 Qxf5 34.Rxf5 f6 35.Kg2 Rd3 36.a4 bxa4
37.Ra5 a3 38.Rxa6 h5 39.b5 Rb3 40.b6 Kg6 41.Kf3 a2 42.Rxa2 Rxb6 43.Kf4 Rb4+
44.e4 Rb3 45.f3 Rc3 46.Ra8 Rb3 47.Rh8 Ra3 48.g4 hxg4 49.Kxg4 Ra1 50.h5+ Kf7
51.h6 gxh6 52.Rxh6 Ke6 53.Kf4 Ra3 54.Rh7 Ra4 55.Rb7 Rc4 56.Rb6+ Kf7 57.Rd6 Ra4
58.Kf5 Ra5+ 59.Rd5 Ra7 60.f4 Rb7 61.Ra5 Rc7 62.Ra6 Rc5+ 63.e5 fxe5 64.Ra7+ Ke8
65.fxe5 Rc6 66.Rb7 Ra6 67.Rg7 Rb6 68.Rg6 Rxg6 69.Kxg6 Ke7 70.Kf5 Kf7 71.e6+ Ke7
72.Ke5 Ke8 73.Kf6  1/2-1/2

[Event "ch-NED semi-finals"]
[Site "Leeuwarden NED"]
[Date "2001.05.06"]
[Round "2.2"]
[White "Ernst,S"]
[Black "Berkvens,J"]
[Result "1-0"]
[WhiteElo "2435"]
[BlackElo "2383"]

1.d4 Nf6 2.c4 e6 3.g3 d5 4.Nf3 Be7 5.Bg2 O-O 6.O-O dxc4 7.Qc2 a6 8.Qxc4 b5
9.Qc2 Bb7 10.Bg5 Nbd7 11.Bxf6 Nxf6 12.Nbd2 Rc8 13.Nb3 Be4 14.Qc3 Nd5 15.Qc1 c5
16.dxc5 Qc7 17.Qd2 Bxc5 18.Rac1 Qa7 19.Nxc5 Rxc5 20.Qd4 Bxf3 21.Qxc5  1-0

[Event "65th ch-BUL"]
[Site "Tsarevo BUL"]
[Date "2001.05.13"]
[Round "3"]
[White "Pantaleev,P"]
[Black "Vasilev,M"]
[Result "1/2-1/2"]
[WhiteElo "2226"]
[BlackElo "2367"]

1.Nf3 Nf6 2.c4 e6 3.g3 d5 4.d4 Be7 5.Bg2 O-O 6.O-O Nbd7 7.Qc2 c5 8.Nbd2 cxd4
9.Nxd4 e5 10.Nf5 Nb6 11.b3 Be6 12.Bb2 Rc8 13.Bxe5 dxc4 14.Nxe7+ Qxe7 15.Qb2 Nbd7
16.Bxf6 Nxf6 17.Nxc4 Bxc4 18.bxc4 b6 19.Rac1 Rc5 20.Rc2 Rfc8 21.Rfc1 Qe6
22.Qa3 a5 23.Qd3 h6 24.a4 Qe8 25.Qd6 Qxa4 26.Qxb6 Qd7 27.Bf3 Qd4 28.Qb3 Qd7
29.Ra2 Qc7 30.Rca1 Rb8 31.Qd3 Rb4 32.Kg2 Qb6 33.Rd2 a4 34.Qd8+ Qxd8 35.Rxd8+ Kh7
36.Bd5 Nxd5 37.cxd5 Rd4 38.Rd7 Kg6 39.h4 Ra5 40.Ra3 h5 41.e3 Rdxd5 42.Rxd5 Rxd5
43.Rxa4 Kf6 44.e4 Rd3 45.Ra6+ Ke7 46.Ra5 g6 47.f4 Re3 48.Ra7+ Ke6 49.Ra6+ Ke7
50.f5 gxf5 51.exf5 Re5 52.f6+ Kd7 53.Kf3 Rc5 54.Kf4 Rb5 55.Ra7+ Ke6 56.Ra6+ Kd7
57.Ra8 Ke6 58.Ra6+ Kd7  1/2-1/2

[Event "TCh-YUG"]
[Site "Herceg Novi YUG"]
[Date "2001.05.14"]
[Round "1"]
[White "Ivanisevic,I"]
[Black "Markovic,Zo"]
[Result "1/2-1/2"]
[WhiteElo "2557"]
[BlackElo "2186"]

1.d4 d5 2.c4 e6 3.Nf3 Nf6 4.g3 Be7 5.Bg2 O-O 6.O-O dxc4 7.Qc2 a6 8.a4 Bd7
9.Qxc4 Bc6 10.Bg5 Bd5 11.Qc2 Be4 12.Qc1 h6 13.Bxf6 Bxf6 14.Rd1 c6 15.Nbd2 Bxf3
16.Nxf3 a5 17.e4 Na6 18.h4 Nb4 19.Qc4 Qb6 20.Rd2 Rac8 21.Rad1 Rfe8 22.Bh3 Na6
23.Ne1 Rcd8 24.Ng2 Qb4 25.Ne3 Qxc4 26.Nxc4 Be7 27.Bf1 Bb4 28.Rd3 Nc7 29.Kg2 Re7
30.Ne5 Ne8 31.f4 f6 32.Ng6 Red7 33.e5 Nc7 34.h5 c5 35.dxc5 Rxd3 36.Rxd3 Rxd3
37.Bxd3 Bxc5 38.Bc4 fxe5 39.Nxe5 Bd4 40.Nd3 Kf8 41.Kf3 Ke7 42.g4 Ne8  1/2-1/2

[Event "TCh-RUS"]
[Site "Tomsk RUS"]
[Date "2001.05.14"]
[Round "2"]
[White "Vekshenkov,N"]
[Black "Shaposhnikov,E"]
[Result "1-0"]
[WhiteElo "2449"]
[BlackElo "2514"]

1.Nf3 Nf6 2.c4 e6 3.g3 d5 4.Bg2 Be7 5.d4 O-O 6.Qc2 c6 7.O-O Nbd7 8.b3 b6
9.Rd1 Ba6 10.Nbd2 Rc8 11.e4 c5 12.exd5 exd5 13.Qf5 g6 14.Qh3 Re8 15.Bb2 Bf8
16.Ne5 cxd4 17.Nxd7 Nxd7 18.Bxd4 Nf6 19.Bxf6 Qxf6 20.Bxd5 Rcd8 21.Ne4 Qe7
22.Re1 Bc8 23.Qf1 Bg7 24.Rad1 Rf8 25.h4 Qc7 26.Qe2 Bf5 27.Qf3 h6 28.g4 Bxe4
29.Rxe4 Rd6 30.Qg3 Rd7 31.Qe3 Qc5 32.Qf3 Qa3 33.Re2 Kh7 34.h5 Rd6 35.Rde1 Rf6
36.Qg3 Qc5 37.Kg2 b5 38.Re7 a5 39.Rb7 bxc4 40.bxc4 Qd4 41.Re4 Qd1 42.hxg6+ Rxg6
43.Bxf7 Rg5 44.Qf3 Qd2 45.Rf4 Kh8 46.Rb5 Be5 47.Re4 Rg7 48.Rexe5 Rgxf7 49.Rf5 Rxf5
50.Rxf5 Rxf5 51.Qxf5 Qxa2 52.c5 Qc4 53.Qc8+ Kg7 54.Qd7+ Kf6 55.c6 Qe6 56.Qxe6+ Kxe6
57.f4 a4 58.f5+  1-0

[Event "XXXVI Capablanca Mem Premier II"]
[Site "Havana CUB"]
[Date "2001.05.17"]
[Round "11"]
[White "Gomez,Fe"]
[Black "Gonzalez,Y"]
[Result "1-0"]
[WhiteElo "2462"]
[BlackElo "2426"]

1.d4 Nf6 2.Nf3 d5 3.c4 e6 4.g3 Be7 5.Bg2 O-O 6.O-O c6 7.Qc2 b6 8.Nbd2 Bb7
9.e4 Nbd7 10.e5 Ne8 11.b3 c5 12.Bb2 Rc8 13.dxc5 Nxc5 14.Rad1 Nc7 15.Rfe1 dxc4
16.Nxc4 Nd5 17.Qb1 b5 18.Nd6 Bxd6 19.exd6 b4 20.h4 h6 21.Rd4 Qxd6 22.Ne5 f6
23.Ng4 Rf7 24.Qg6 Kf8 25.Ne3 Re7 26.Red1 Qb6 27.Nxd5 Bxd5 28.Rf4 Nd7 29.Qh7 Qb7
30.Rg4 Rf7 31.Bxd5 exd5 32.Re1 Ne5 33.Bxe5 fxe5 34.Qh8+ Ke7 35.Qxg7 e4 36.Qe5+  1-0

[Event "TCh-YUG"]
[Site "Herceg Novi YUG"]
[Date "2001.05.21"]
[Round "8"]
[White "Tosic,M"]
[Black "Markovic,Zo"]
[Result "1/2-1/2"]
[WhiteElo "2518"]
[BlackElo "2186"]

1.d4 d5 2.c4 e6 3.Nf3 Nf6 4.g3 Be7 5.Bg2 O-O 6.O-O dxc4 7.Qc2 a6 8.Qxc4 b5
9.Qc2 Bb7 10.Bg5 Nbd7 11.a4 b4 12.Nbd2 Rc8 13.Bxf6 Nxf6 14.Nb3 c5 15.dxc5 Be4
16.Qc4 Bd5 17.Qd3 Bxb3 18.Qxb3 Bxc5 19.Ne5 a5 20.Bb7 Rc7 21.Bf3 Qd6 22.Nd3 Ba7
23.Rfd1 Nd7 24.Rac1 Rxc1 25.Rxc1 Ne5 26.Nxe5 Qxe5 27.e3 g6 28.Bg2 Rd8 29.Rc2 Bc5
30.Qc4 Be7 31.Qc6 Bf6 32.b3 Qd6 33.Qxd6 Rxd6 34.Rc8+ Rd8 35.Rxd8+  1/2-1/2

[Event "XXVI Elekes Mem GM"]
[Site "Budapest HUN"]
[Date "2001.05.26"]
[Round "6"]
[White "Horvath,Jo"]
[Black "Doettling,F"]
[Result "1/2-1/2"]
[WhiteElo "2551"]
[BlackElo "2509"]

1.c4 e6 2.Nf3 d5 3.g3 Nf6 4.Bg2 Be7 5.d4 O-O 6.Qc2 c5 7.dxc5 Qa5+ 8.Qc3 Qxc5
9.cxd5 Nxd5 10.Qxc5 Bxc5 11.Bd2 Nc6 12.Nc3 Nxc3 13.Bxc3 Bd7 14.O-O Rad8 15.Rfd1 Bc8
16.a3 Rxd1+ 17.Rxd1 Rd8 18.Rc1 Bb6 19.e3 Bd7 20.b4 Rc8 21.Rd1 Nb8 22.Ne5 Rxc3
23.Nxd7 Nxd7 24.Rxd7 Rxa3 25.Rxb7 Rd3  1/2-1/2

[Event "IX Guillermo Garcia Mem Alfil"]
[Site "Santa Clara CUB"]
[Date "2001.05.27"]
[Round "4"]
[White "Nogueiras,J"]
[Black "Wohl,A"]
[Result "1/2-1/2"]
[WhiteElo "2557"]
[BlackElo "2418"]

1.c4 e6 2.g3 d5 3.Bg2 Nf6 4.Nf3 Be7 5.d4 O-O 6.Qc2 Nc6 7.Nbd2 Nb4 8.Qd1 c5
9.a3 Nc6 10.dxc5 a5 11.cxd5 exd5 12.Qc2 Bg4 13.O-O Qd7 14.Nb3  1/2-1/2

[Event "XXVI Elekes Mem GM"]
[Site "Budapest HUN"]
[Date "2001.05.29"]
[Round "9"]
[White "Doettling,F"]
[Black "Gustafsson,J"]
[Result "1/2-1/2"]
[WhiteElo "2509"]
[BlackElo "2535"]

1.d4 Nf6 2.c4 e6 3.g3 d5 4.Bg2 Be7 5.Nf3 O-O 6.Nc3 dxc4 7.Ne5 Nc6 8.Bxc6 bxc6
9.Nxc6 Qe8 10.Nxe7+ Qxe7 11.Qa4 c5 12.Qxc4 cxd4 13.Qxd4 e5 14.Qh4 Rb8 15.Bg5 Rxb2
16.O-O Qe6 17.Bxf6 Qxf6 18.Qxf6 gxf6 19.Rab1 Rc2 20.Rfc1 Rxc1+ 21.Rxc1 Be6
22.f3 Rb8 23.Rc2 Rc8 24.Kf2 Bxa2 25.Rxa2 Rxc3 26.Rxa7 Kg7  1/2-1/2

[Event "2nd IECC"]
[Site "Ohrid MKD"]
[Date "2001.06.01"]
[Round "1"]
[White "Burmakin,V"]
[Black "Graf,A"]
[Result "1-0"]
[WhiteElo "2522"]
[BlackElo "2649"]

1.d4 Nf6 2.Nf3 d5 3.c4 e6 4.g3 Be7 5.Bg2 O-O 6.O-O c6 7.Qc2 b6 8.Rd1 Ba6
9.Ne5 Qc8 10.Bf4 Nbd7 11.Nc3 Qb7 12.b3 Rac8 13.e4 h6 14.Nxd7 Qxd7 15.e5 Ne8
16.Bf1 Nc7 17.a4 Bb7 18.Qe2 c5 19.Bg2 cxd4 20.Rxd4 Bb4 21.Ne4 Qe7 22.Nf6+ gxf6
23.Bxh6 f5 24.Qh5 Ne8 25.Rh4 Bc3 26.Bg5 f6 27.Qh8+ Kf7 28.Rh7+ Kg6 29.Rh6+ Kf7
30.Qh7+ Ng7 31.Rxf6+ Ke8 32.Rg6  1-0

[Event "2nd IECC"]
[Site "Ohrid MKD"]
[Date "2001.06.01"]
[Round "1"]
[White "Bogdanovski,V"]
[Black "Huzman,A"]
[Result "1/2-1/2"]
[WhiteElo "2463"]
[BlackElo "2578"]

1.d4 Nf6 2.Nf3 e6 3.g3 d5 4.Bg2 Be7 5.c4 O-O 6.O-O dxc4 7.Qc2 a6 8.a4 Bd7
9.Qxc4 Bc6 10.Bg5 Bd5 11.Qd3 c5  1/2-1/2

[Event "ch-CRC"]
[Site "San Jose CRC"]
[Date "2001.06.02"]
[Round "6"]
[White "Minero Pineda,S"]
[Black "Jimenez,Ju"]
[Result "1/2-1/2"]
[WhiteElo "2412"]
[BlackElo "2222"]

1.d4 Nf6 2.c4 e6 3.g3 d5 4.Bg2 Be7 5.Nf3 O-O 6.O-O Nbd7 7.b3 c6 8.Qc2 b6
9.Rd1 Bb7 10.Nc3 Rc8 11.e4 dxe4 12.Nxe4 c5 13.Nxf6+ Bxf6 14.Ng5 Bxg5 15.Bxb7 Rc7
16.dxc5 Bf6 17.Rb1 Rxb7 18.c6 Rc7 19.cxd7 Rxd7 20.Be3 Rxd1+ 21.Rxd1 Qc7 22.Qe4 g6
23.Bf4 Qc8 24.Rd6 Rd8 25.Rxd8+ Bxd8 26.Qe5 f6 27.Qd6 Kf7 28.Be3 Be7 29.Qf4 Bc5
30.Bd2 a5 31.Bc3 Qd8 32.h4 h5 33.Kg2 Kg7 34.Bd2 Kf7 35.Bc3 Kg7 36.Qf3 e5
37.Qc6 Qd6 38.Qb7+ Qe7 39.Qe4 Qd7 40.Qe2 Qc6+ 41.Kg1 Qd6 42.Bd2 Kf7 43.Be3 Bxe3
44.Qxe3 f5 45.Qf3 f4 46.gxf4 exf4 47.Qd5+ Ke7 48.Qxd6+ Kxd6 49.Kg2 Kc5 50.Kf3 Kb4
51.Kxf4 Ka3 52.Kg5 Kxa2 53.Kxg6 Kxb3 54.f4 a4 55.f5 a3 56.f6 a2 57.f7 a1=Q
58.f8=Q Kxc4 59.Kxh5 b5 60.Qc8+ Kd5 61.Qd7+ Kc5 62.Qe7+ Kd5 63.Qd7+  1/2-1/2

[Event "2nd IECC"]
[Site "Ohrid MKD"]
[Date "2001.06.04"]
[Round "4"]
[White "Miton,K"]
[Black "Pigusov,E"]
[Result "1/2-1/2"]
[WhiteElo "2497"]
[BlackElo "2584"]

1.d4 Nf6 2.c4 e6 3.g3 d5 4.Bg2 Be7 5.Nf3 O-O 6.O-O dxc4 7.Nc3 Nbd7 8.e4 c6
9.a4 e5 10.d5 cxd5 11.exd5 Bb4 12.Bg5 Bxc3 13.bxc3 h6 14.Bxf6 Qxf6 15.Re1 Re8
16.Qe2 Nc5 17.Qxc4 b6 18.a5 Ba6 19.Qh4 g5 20.Qg4 e4 21.Nd2 Bc8 22.Qe2 Bf5
23.axb6 axb6 24.Rxa8 Rxa8 25.Nxe4 Bxe4 26.Bxe4 Qxc3 27.Bg2 Ra1 28.Rxa1 Qxa1+
29.Bf1 Qd4 30.Bg2 Kg7 31.h3 Qa1+ 32.Kh2 Qf6 33.Qd2 Qd6 34.Qd4+ Qf6 35.Qd2  1/2-1/2

[Event "ch-IND"]
[Site "New Delhi IND"]
[Date "2001.06.05"]
[Round "8"]
[White "Mishra,N"]
[Black "Barua,D"]
[Result "1/2-1/2"]
[WhiteElo "2321"]
[BlackElo "2494"]

1.d4 Nf6 2.c4 e6 3.g3 d5 4.Bg2 Be7 5.Nf3 O-O 6.O-O dxc4 7.Qc2 a6 8.Qxc4 b5
9.Qc2 Bb7 10.Bd2 Nc6 11.e3 Nb4 12.Bxb4 Bxb4 13.Nbd2 Rc8 14.Nb3 Be4 15.Qd1 Nd7
16.Nh4 Bxg2 17.Kxg2 Bd6  1/2-1/2